| 000 | 01010cam a22002651a 4500 | ||
|---|---|---|---|
| 001 | g 01001220 | ||
| 003 | DLC | ||
| 005 | 20260227111254.0 | ||
| 008 | 850307s1887 gw b 000 0 ger | ||
| 010 | _ag 01001220 | ||
| 035 | _a(OCoLC)11777335 | ||
| 040 |
_aDLC _cMeLB _dMeLB _dDLC |
||
| 042 | _apremarc | ||
| 050 | 0 | 0 |
_aHB41 _b.S7 bd. 7, heft 1 |
| 100 | 1 |
_aLosch, Hermann _q(Hermann Julius), _d1863-1935. |
|
| 245 | 1 | 0 |
_aVolksvermögen, Volkseinkommen und ihre Verteilung / _cvon Hermann Losch. |
| 260 |
_aLeipzig : _bDuncker & Humblot, _c1887. |
||
| 300 |
_a[6], 110, [2] p. ; _c22 cm. |
||
| 490 | 0 |
_aStaats- und socialwissenschaftliche Forschungen / hrsg. von Gustav Schmoller ; _v7. Bd., 1. Hft. |
|
| 500 | _aPublisher's advertisement: p. [1]-[2] at end. | ||
| 504 | _aIncludes bibliographical references. | ||
| 500 |
_aWith: Das Kapital und seine Kulturbedeutung / Karl Umpfenbach. Würzburg : Stuber, 1879. Bound subsequent to publication. _5MeLB |
||
| 650 | 0 | _aIncome. | |
| 650 | 0 | _aEconomics. | |
| 999 |
_c23683 _d23683 |
||